Twenty One Pilots - Match the word to the song - Statistics

General Stats
  • This quiz has been taken 150 times
    127 since last reset
  • The average score is 11 of 32
Answer Stats
Hint Answer % Correct
Proctologist Lavish
74%
Corazon Overcompensate
74%
Glowing Glowing Eyes
69%
Shoreline Paladin Strait
59%
Fire-breathe Levitate
54%
Medical Chlorine
50%
Psychopath Heathens
50%
Lions Migraine
49%
Julie Level Of Conern
44%
Discretion Message Man
44%
Moth The Pantaloon
43%
Necks Snap Back
40%
Dreamer's We Don't Believe What's On TV
40%
Lion Cut My Lip
39%
Pokemon Slowtown
39%
Display Redecorate
37%
Middleman Choker
34%
Blatant Trapdoor
33%
Cowardly Trees
33%
Heatless Bandito
31%
Pointless Kitchen Sink
29%
Slo-mo Screen
24%
Bout The Judge
23%
Perplexed Implicit Demand For Proof
21%
Relative Oldies Station
21%
Mixes Legend
19%
Imposter Clear
16%
Repentance Fall Away
14%
Soldiers Bounce Man
10%
Ghost Friend, Please
10%
Contradiction Not Today
7%
Bat Be Concerned
6%
No matching quizzes found
Score Distribution
Percent of People with Each Score
Percentile by Number Answered
Your Score History
You have not taken this quiz since the last reset